Making your case : (Record no. 2259)
[ view plain ]
| 000 -LEADER | |
|---|---|
| fixed length control field | 00845nam a22002657a 4500 |
| 003 - CONTROL NUMBER IDENTIFIER | |
| control field | OSt |
| 005 - DATE AND TIME OF LATEST TRANSACTION | |
| control field | 20140310181727.0 |
| 008 - FIXED-LENGTH DATA ELEMENTS--GENERAL INFORMATION | |
| fixed length control field | 130624t xxu||||| |||| 00| 0 eng d |
| 020 ## - INTERNATIONAL STANDARD BOOK NUMBER | |
| International Standard Book Number | 9780582382442 |
| 050 00 - LIBRARY OF CONGRESS CALL NUMBER | |
| Classification number | PE 1471 |
| Item number | .St888 2001 |
| 082 00 - DEWEY DECIMAL CLASSIFICATION NUMBER | |
| Classification number | IB 808.4 |
| Item number | .M28 2001 |
| 245 00 - TITLE STATEMENT | |
| Title | Making your case : |
| Remainder of title | a practical guide to essay writing / |
| Statement of responsibility, etc | edited by Rebecca Stott, Anna Snaith, and Rick Rylance. |
| 260 ## - PUBLICATION, DISTRIBUTION, ETC. (IMPRINT) | |
| Place of publication, distribution, etc | Harlow, England ; |
| -- | New York : |
| Name of publisher, distributor, etc | Longman, |
| Date of publication, distribution, etc | 2001. |
| 300 ## - PHYSICAL DESCRIPTION | |
| Extent | ix, 154 p. : |
| Other physical details | ill. ; |
| Dimensions | 23 cm. |
| 440 #0 - SERIES STATEMENT/ADDED ENTRY--TITLE | |
| Title | Speak-write series |
| 562 ## - COPY AND VERSION IDENTIFICATION NOTE | |
| Number of copies | for circulation. 1 copy available in the collection |
| 650 #0 - SUBJECT ADDED ENTRY--TOPICAL TERM | |
| Topical term or geographic name as entry element | English language |
| General subdivision | Rhetoric. |
| 650 #0 - SUBJECT ADDED ENTRY--TOPICAL TERM | |
| Topical term or geographic name as entry element | Essay |
| General subdivision | Authorship. |
| 650 #0 - SUBJECT ADDED ENTRY--TOPICAL TERM | |
| Topical term or geographic name as entry element | Report writing. |
| 700 1# - ADDED ENTRY--PERSONAL NAME | |
| Personal name | Stott, Rebecca. |
| 700 1# - ADDED ENTRY--PERSONAL NAME | |
| Personal name | Snaith, Anna. |
| 700 1# - ADDED ENTRY--PERSONAL NAME | |
| Personal name | Rylance, Rick. |
| 942 ## - ADDED ENTRY ELEMENTS (KOHA) | |
| Source of classification or shelving scheme | Library of Congress Classification |
| Koha item type | Books |
| Withdrawn status | Lost status | Source of classification or shelving scheme | Damaged status | Home library | Current library | Shelving location | Date acquired | Total Checkouts | Full call number | Barcode | Date last seen | Copy number | Price effective from | Koha item type |
|---|---|---|---|---|---|---|---|---|---|---|---|---|---|---|
| Library of Congress Classification | Luxembourg Library | Luxembourg Library | International Baccalaureate Section | 03/08/2013 | PE 1471 .St888 2001 | 13972 | 05/25/2015 | 1 | 10/03/2013 | Books |